Guía de elementos y criterios en sistemas de alarma y detección de incendios en conformidad con el estandar NFPA 72-2002
Збережено в:
| Автор: | |
|---|---|
| Формат: | Книга |
| Опубліковано: |
[San José, Costa Rica]
2008
|
| Предмети: | |
| Теги: |
Додати тег
Немає тегів, Будьте першим, хто поставить тег для цього запису!
|
MARC
| LEADER | 00000nam a2200000Ia 4500 | ||
|---|---|---|---|
| 003 | 001156 | ||
| 005 | 20221231144058.0 | ||
| 008 | 140114s2008 cr a 000 ||s d | ||
| 040 | |c cru CEDI | ||
| 090 | |a TFG 5681 | ||
| 100 | |a Donadio Dinis, Roberto |9 4285 | ||
| 245 | |a Guía de elementos y criterios en sistemas de alarma y detección de incendios en conformidad con el estandar NFPA 72-2002 | ||
| 260 | |c 2008 |b [San José, Costa Rica] | ||
| 300 | |a 181 hojas; ilustraciones | ||
| 500 | |a Proyecto de graduación (bachiller en ingeniería eléctrica)--Universidad de Costa Rica. Facultad de Ingeniería. Escuela de Ingeniería Eléctrica | ||
| 650 | |x SISTEMAS ELECTRONICOS DE ALARMA |x ALARMAS DE INCENDIO |x CONTROL AUTOMATICO |x MEDIDAS DE SEGURIDAD |x NORMAS |9 4286 | ||
| 942 | |c TFG | ||
| 999 | |c 16580 |d 16580 | ||
